=LDR 00000nam 2200000 4500 =001 INLIS000000000003568 =005 20130612091853 =008 ***********************************Ind** =035 ##$$0010-061300000003568 =041 ##$$a Ind =082 ##$$a 616 =090 ##$$a 616, Dan b =100 ##$$a Danusukanto, Sukoco =245 ##$$a Berbagai penyakit dalam kehidupan keluarga, Sukotjo Danusukanto =260 ##$$a 1989 $b Jakarta =300 ##$$a x, 246 hlm., ilus., 20 cm =650 ##$$a Kesehatan keluarga =850 ##$$a NBPNMAT